000 00339 a2200157 4500
001 161562
020 _a
040 _cMagnum
100 _aBatista, Zizinha
240 1 0 _aA fada fabi/o carro de belissa
_lpor
245 1 0 _aA fada fabi/o carro de belissa
362 0 _a1899
440 1 _aDo Brasil
697 _aI/GERAL
942 _cBK
999 _c161562
_d161562